| 000 | 01138cam a2200313 i 4500 | ||
|---|---|---|---|
| 001 | 40458 | ||
| 003 | Mx-PuUPA | ||
| 005 | 20241113115815.0 | ||
| 008 | 140415s1976 mx gr 000 0 spa d | ||
| 040 |
_aMx-PuUPA _cMx-PuUPA _bspa _dMx-PuUPA _erda |
||
| 041 | 0 | _aspa | |
| 100 | 1 |
_aLópez y Rivas, Gilberto, _916442 _eautor |
|
| 245 | 1 | 3 |
_aLa guerra del 47 : _by la resistencia popular a la ocupación / _cGilberto López y Rivas |
| 246 | 3 |
_aLa Guerra del cuarenta y siete : _by la resistencia popular a la ocupación. |
|
| 250 | _aPrimera edición | ||
| 264 | 1 |
_aMéxico, D. F. : _bEditorial Nuestro Tiempo, _c1976 |
|
| 300 |
_a207 páginas ; _c18 cm |
||
| 336 |
_2rdacontent _atexto _btxt |
||
| 337 |
_2rdamedia _asin medio _bn |
||
| 338 |
_2rdacarrier _avolumen _bnc |
||
| 490 | 0 | _aColección Teoría e Historia | |
| 651 | 4 |
_aMéxico _xHistoria _xGuerra con Estados Unidos _y1845-1848 |
|
| 651 | 4 |
_aEstados Unidos _xExpansión territorial |
|
| 651 | 4 |
_aMéxico _xHistoria _xInvasión norteamericana _y1846-1848 |
|
| 942 |
_2ddc _cLI _h972.05 _iL86 |
||
| 999 |
_c40458 _d40458 |
||